Normal view
MARC view
- Castillo Troncoso, Alberto del
Entry Nombre Personal
001 - NUMERO DE CONTROL
- campo de control: 36333
003 - IDENTIFICADOR DE NUMERO DE CONTROL
- campo de control: UPN
005 - FECHA Y HORA DE LA ÜLTIMA TRANSACCIÓN
- campo de control: 20210219194513.0
008 - DATOS DE LONGITUD FIJA
- campo de control de longitud fija: nabaccnnaabn|||||||||| b |nc|||||d
035 ## - NUMERO DE CONTROL
- Número de control: UPN11000008440
040 ## - FUENTE DE CATALOGACIÓN
- Lenguaje de catalogación: SPA
- Agencia de transcripción: UPN
100 1# - ENCABEZAMIENTO - NOMBRE PERSONAL
- Nombre personal: Castillo Troncoso, Alberto del
670 ## - FUENTE EN LA QUE SE LOCALIZARON DATOS
- Cita de la fuente: T
- Uniform Resource Identifier: http://www.mora.edu.mx/AlbertodelCastillo/SitePages/Inicio.aspx
680 ## - NOTA PUBLICA DE ACCESO PÚBLICO
- Frase explicativa de la referencia: Es Doctor en Historia por la Benemérita Universidad Autónoma de Puebla y Doctor en Historia de México por El Colegio de México. Pertenece al Sistema Nacional de Investigadores y a la Académia Mexicana de las Ciencias
902 ## - CATALOGADOR
- Catalogador: MCM/220115
